Every Research Station in Antarctica on a Map - Statistics

General Stats
  • This quiz has been taken 28 times
    15 since last reset
  • The average score is 21 of 176
Answers on the Map
Answers color-coded by a green-red scale on the quiz's map according to % correct below.
 
Answer Stats
Country Answer % Correct
United States McMurdo
58%
New Zealand Scott Base
42%
China Great Wall
33%
United Kingdom King Edward Point
33%
France Port-aux-Français
33%
Russia Vostok
33%
Argentina Belgrano I
25%
Italy/France Concordia
25%
Australia Davis
25%
United Kingdom Rothera
25%
France Alfred Faure
17%
United States Amundsen–Scott South Pole
17%
Argentina Belgrano II
17%
Argentina Belgrano III
17%
India Bharati
17%
United Kingdom Bird
17%
Argentina Carlini
17%
Australia Casey
17%
Czechia Eco-Nelson
17%
Argentina Esperanza
17%
United Kingdom Faraday
17%
Chile General Jorge Boonen Rivera
17%
South Africa Gough
17%
United Kingdom Halley
17%
Poland Henryk Arctowski
17%
China Kunlun
17%
Australia Macquarie Island
17%
South Africa Marion
17%
Australia Mawson
17%
United States Palmer
17%
Soviet Union Salyut
17%
South Africa SANAE I
17%
South Africa SANAE II
17%
South Africa SANAE III
17%
South Africa SANAE IV
17%
United Kingdom Signy
17%
United Kingdom Station B
17%
United Kingdom Station C
17%
United Kingdom Station D
17%
United Kingdom Station E
17%
United Kingdom Station G
17%
United Kingdom Station J
17%
United Kingdom Station N
17%
United Kingdom Station O
17%
United Kingdom Station T
17%
United Kingdom Station V
17%
United Kingdom Station W
17%
United Kingdom Station Y
17%
Turkey TARS
17%
China Zhongshan
17%
Poland A. B. Dobrowolski
8%
Finland Aboa
8%
Chile Aguirre Cerda
8%
New Zealand Arrival Heights
8%
Uruguay Artigas
8%
Japan Asuka
8%
Russia Bellingshausen
8%
South Africa Borga
8%
United States Brockton
8%
Argentina Brown
8%
United States Byrd
8%
Argentina Cámara
8%
New Zealand Campbell
8%
Chile Captain Arturo Prat
8%
France Charcot
8%
Chile Collins
8%
Brazil Comandante Ferraz
8%
India Dakshin Gangotri
8%
Germany Dallmann
8%
Argentina Deception
8%
Netherlands Dirck Gerritsz
8%
Chile Doctor Guillermo Mann
8%
Japan Dome Fuji
8%
Germany Drescher
8%
Soviet Union Druzhba
8%
Soviet Union Druzhnaya I
8%
Soviet Union Druzhnaya II
8%
Soviet Union Druzhnaya III
8%
Russia Druzhnaya IV
8%
France Dumont d'Urville
8%
United States East Base
8%
Uruguay ECARE
8%
United States Eights
8%
Argentina/United States Ellsworth
8%
Germany Filchner
8%
United Kingdom Fossil Bluff
8%
Spain Gabriel de Castilla
8%
Germany GARS O'Higgins
8%
Chile General Bernardo O'Higgins Riquelme
8%
Germany Georg Forster
8%
Germany Georg von Neumayer
8%
Italy Giacomo Bove
8%
Chile Glaciar Unión
8%
Germany Gondwana
8%
Chile González Videla
8%
New Zealand/United States Hallett
8%
South Korea Jang Bogo
8%
Pakistan Jinnah
8%
Czechia Johann Gregor Mendel
8%
Spain Juan Carlos I
8%
Chile Julio Ripamonti
8%
Belgium/Netherlands King Baudouin
8%
South Korea King Sejong
8%
Germany Kohnen
8%
Soviet Union Komsomolskaya
8%
Romania Law-Racoviță-Negoiță
8%
Soviet Union Lazarev
8%
United States Lenie
8%
Russia Leningradskaya
8%
United States Little America I
8%
United States Little America II
8%
United States Little America III
8%
United States Little America IV
8%
United States Little America V
8%
United States Little Rockford
8%
Peru Machu Picchu
8%
India Maitri
8%
Ecuador Maldonado
8%
Argentina Marambio
8%
Argentina Matienzo
8%
Norway/Sweden/United Kingdom Maudheim
8%
Argentina Melchior
8%
Soviet Union Mir
8%
Russia Mirny
8%
Japan Mizuho
8%
Russia Molodyozhnaya
8%
Germany Neumayer II
8%
Germany Neumayer III
8%
Norway Norvegia
8%
Norway/South Africa Norway
8%
Russia Novolazarevskaya
8%
Russia Oazis 2
8%
Argentina Orcadas
8%
Argentina Petrel
8%
Soviet Union Pionérskaya
8%
United States Plateau
8%
Soviet Union Pobeda
8%
Soviet Union Pole of Inaccessibility
8%
United Kingdom Port Lockroy
8%
France Port-Martin
8%
Chile Presidente Eduardo Frei Montalva
8%
Argentina Primavera
8%
Belgium Princess Elisabeth
8%
Chile Profesor Julio Escudero
8%
Russia Progress
8%
China Qinling
8%
Chile Risopatrón
8%
Russia Russkaya
8%
Argentina San Martín
8%
South Africa Sarie Marais
8%
United States Shirreff
8%
Japan Showa
8%
United States Siple I
8%
United States Siple II
8%
Argentina Sobral
8%
Soviet Union Sodruzhestvo
8%
United Kingdom South Ice
8%
Soviet Union Sovetskaya
8%
Soviet Union Soyuz
8%
Bulgaria St. Kliment Ohridski
8%
Sweden Svea
8%
China Taishan
8%
Chile Teniente Arturo Parodi Alister
8%
Chile Teniente Luis Carvajal Villaroel
8%
Chile Tor
8%
Norway Troll
8%
New Zealand Vanda
8%
Belarus Vechernyaya
8%
Ukraine Vernadsky
8%
Soviet Union Vostok I
8%
Sweden Wasa
8%
Russia/United States Weddell 1
8%
Australia/United States Wilkes
8%
International World Park
8%
Chile Yelcho
8%
Italy Zucchelli
8%
No matching quizzes found
Score Distribution
Percent of People with Each Score
Percentile by Number Answered
Your Score History
You have not taken this quiz since the last reset